Krainy Geograficzne - Europa (druga wersja) - Statystyki

Ogólne statystyki
  • Ten quiz został rozwiązany 137 razy
  • Średni wynik to 17 z 36
Odpowiedzi na mapie
Odpowiedzi zakodowano w zielono-czerwonej skali na mapie do tego quizu, zgodnie z poniższymi procentami.
 
Statystyki odpowiedzi
Odpowiedź % Poprawnych
Góry Alpy
76%
Nizina Polska
76%
Wyspa Wielka Brytania
74%
Półwysep Skandynawski
72%
Wyspa Islandia
72%
Morze Północne
70%
Góry Karpaty
67%
Nizina Niemiecka
67%
Morze Bałtyckie
65%
Pojezierze Fińskie
65%
Wyspa Irlandia
65%
Cieśnina Gibraltarska
63%
Półwysep Iberyjski
63%
Góry Pireneje
61%
Nizina Francuska
59%
Wyspa Sardynia
59%
Morze Czarne
57%
Półwysep Kolski
54%
Morze Śródziemne
52%
Pólwysep Apeniński
52%
Morze Adriatyczne
43%
Półwysep Bałkański
41%
Góry Ural
39%
Morze Tyrreńskie
35%
Morze Jońskie
33%
Zatoka Biskajska
33%
Nizina Nadkaspijska
30%
Nizina Wielka Nizina Węgierska
30%
Morze Barensa
28%
Morze Białe
28%
Nizina Wschodnioeuropejska
28%
Wyżyna Podolska
28%
Zatoka Botnicka
22%
Góry Betyckie
15%
Wyżyna Środkoworosyjska
9%
Wyżyna Nadwołżańska
2%
Nie znaleziono quizów pasujących do podanych kryteriów
Rozkład punktacji
Procent ludzi z każdym wynikiem
Percentyl według liczby udzielonych odpowiedzi
Twoja historia wyników
Nie rozwiązałeś tego quizu